Mission Report N18: Report of a mission to Vietnam, October 30 - December 25, 1986
Đã lưu trong:
| Tác giả chính: | |
|---|---|
| Định dạng: | Sách |
| Ngôn ngữ: | Undetermined |
| Được phát hành: |
Wageningen
Wageningen Agricultural Univ
1986
|
| Những chủ đề: | |
| Các nhãn: |
Thêm thẻ
Không có thẻ, Là người đầu tiên thẻ bản ghi này!
|
| Thư viện lưu trữ: | Trung tâm Học liệu Trường Đại học Cần Thơ |
|---|
| LEADER | 00630nam a2200181Ia 4500 | ||
|---|---|---|---|
| 001 | CTU_16258 | ||
| 008 | 210402s9999 xx 000 0 und d | ||
| 082 | |a 631.4 | ||
| 082 | |b M678/N18 | ||
| 100 | |a A Kamphorst | ||
| 245 | 0 | |a Mission Report N18: Report of a mission to Vietnam, October 30 - December 25, 1986 | |
| 245 | 2 | |c A Kamphorst, E Stamhuis, M E F. van Mensvoort | |
| 260 | |a Wageningen | ||
| 260 | |b Wageningen Agricultural Univ | ||
| 260 | |c 1986 | ||
| 650 | |a soil science,soils - vietnam - mekong river delta | ||
| 904 | |i Nguyễn Quang Điền, 970514 | ||
| 980 | |a Trung tâm Học liệu Trường Đại học Cần Thơ | ||